| 000 | 01814cam a2200349 a 4500 | ||
|---|---|---|---|
| 001 | 3615021 | ||
| 003 | GBCCL | ||
| 005 | 20241126110358.0 | ||
| 008 | 730820m19749999miu bd 000 0 eng | ||
| 010 |
_a 73076170 _z 77154505 |
||
| 020 | _a0802823386 (set) | ||
| 040 |
_aDLC _cDLC _dDLC |
||
| 041 | 1 |
_aeng _hger |
|
| 050 | 0 | 0 |
_aBS440 _b.B5713 |
| 082 | 0 | 0 |
_a221.3 _bTHE |
| 240 | 1 | 0 |
_aTheologisches Wörterbuch zum Alten Testament. _lEnglish |
| 245 | 1 | 0 |
_aTheological dictionary of the Old Testament / _cedited by G. Johannes Botterweck and Helmer Ringgren ; translated by John T. Willis. |
| 260 |
_aGrand Rapids, Mich. : _bEerdmans, _c1974-<c2006> |
||
| 300 |
_av. <1-15> ; _c25 cm. |
||
| 500 | _aTranslation of Theologisches Wörterbuch zum Alten Testament. | ||
| 500 | _aVols. 12-<13> edited by G. Johannes Botterweck, Helmer Ringgren and Heinz-Josef Fabry. | ||
| 500 | _aVols. 4-7, 9, 11, 13, 15 translated by David E. Green; v. 8, 10, 12, 14 translated by Douglas W. Stott. | ||
| 500 | _aIncludes rev. ed. of v. 1-2. | ||
| 504 | _aIncludes bibliographical references. | ||
| 630 | 0 | 0 |
_aBible. _pOld Testament _vDictionaries _xHebrew. _92572 |
| 650 | 0 |
_aHebrew language _vDictionaries _xEnglish. _92573 |
|
| 700 | 1 |
_aRinggren, Helmer, _d1917-2012, _ejoint author. _92574 |
|
| 906 |
_a7 _bcbc _corignew _d1 _eopcn _f19 _gy-gencatlg |
||
| 942 |
_2ddc _cREF |
||
| 999 |
_c1317 _d1317 |
||